|
|
|
|
| LEADER |
01495nam a2200385 a 4500 |
| 001 |
000737485 |
| 003 |
CZ BrMZK |
| 005 |
20041029144350.0 |
| 007 |
ta |
| 008 |
040922s2004 xr a fr 000 0 cze d |
| 015 |
|
|
|a cnb001417463
|
| 020 |
|
|
|a 80-85083-47-7
|q (brož.)
|
| 035 |
|
|
|a (OCoLC)85119972
|
| 040 |
|
|
|a BOA001
|b cze
|
| 043 |
|
|
|a e-xr---
|b e-xr-ol
|2 czenas
|
| 072 |
|
7 |
|a 663
|x Průmysl nápojů. Kvasný průmysl. Průmysl pochutin
|2 Konspekt
|9 19
|
| 080 |
|
|
|a 663.4:005.71
|2 MRF
|
| 080 |
|
|
|a 663.4
|2 MRF
|
| 080 |
|
|
|a 94(437.3)
|2 MRF
|
| 080 |
|
|
|a (082.2)
|2 MRF
|
| 100 |
1 |
|
|a Melzer, Miloš,
|d 1941-
|7 jk01081184
|4 aut
|
| 245 |
1 |
0 |
|a Pivovar Holba Hanušovice 1874-2004 /
|c Miloš Melzer
|
| 260 |
|
|
|a Hanušovice :
|b Pivovar Holba ;
|a V Šumperku :
|b Vlastivědné muzeum,
|c 2004
|
| 300 |
|
|
|a 19 s. :
|b barev. il. ;
|c 26 cm
|
| 500 |
|
|
|a Vydáno ke 130. výročí založení pivovaru a u příležitosti výstavy "Hanušovice pěkné městečko, je tam pivovar, dobré pivečko"
|
| 500 |
|
|
|a 500 výt.
|
| 650 |
0 |
7 |
|a pivovary
|7 ph115732
|z Česko
|2 czenas
|
| 650 |
0 |
7 |
|a pivovary
|7 ph115732
|x dějiny
|2 czenas
|
| 650 |
0 |
7 |
|a pivovarnictví
|7 ph115731
|z Česko
|2 czenas
|
| 655 |
|
7 |
|a jubilejní publikace
|7 fd131839
|2 czenas
|
| 610 |
2 |
7 |
|a Pivovar Holba Hanušovice
|7 olak2004203634
|2 czenas
|
| 651 |
|
7 |
|a Hanušovice (Česko)
|7 ge129230
|2 czenas
|
| 910 |
|
|
|a BOA001
|b 2-1140.473
|
| 990 |
|
|
|a BK
|
| 996 |
6 |
|
|b 2610229262
|c 2-1140.473
|l MZK
|r Sklad / do 1 hodiny
|n 7
|p p.v.
|w 000737485
|u 000010
|a 1
|e BOA001
|j MZK50
|s P
|